000 00499nam a2200145Ia 4500
008 231129s1996||||xx |||||||||||||| ||spa||
020 _a958-633-427-9ISBN
040 _bspa
082 _a468 V712e (EN PROCESO DE DESCARTE) V.6 Ej. 3
100 _aVillabona de Rodriguez Cecilia
245 0 _aEspanol dinamico para educacion basica secundaria con el enfoque semantico comunicativo
260 _c1996
264 _aBogotá Colombia: Rei Andes
942 _2ddc
_cBKS
999 _c13416
_d13416